Music Quiz

Random Music or Lyrics Quiz
Score 0/292 Timer 11:00
0 Plays Today
% Correct
(One, two, three, uh!)
100%
Hey ya, hey ya! (x4)
94.1%
Hey ya, hey ya! (x4)
94.1%
Hey ya, hey ya! ('til end)
94.1%
a
93.9%
a
93.9%
I
93.5%
I
93.5%
I
93.5%
I
93.5%
I
93.5%
ya',
92.4%
Hey,
91.8%
me
88.2%
me
88.2%
me
88.2%
me
88.2%
me
88.2%
me
87.5%
do! (x3)
87.3%
(Here we go now!)
85.1%
You
84.7%
you
84.7%
you
84.7%
you,
84.7%
you
84.7%
you
84.7%
you,
84.7%
you
84.7%
you
84.7%
you
84.7%
You
84.7%
don't
84.3%
Don't
84.3%
don't
84.3%
don't
84.3%
don't
84.3%
Don't
84.3%
Don't
84.3%
don't
84.3%
it,
84.3%
it,
84.2%
it
84.2%
it
84.2%
it
84.2%
My
83.7%
my
83.6%
the
82.4%
the
82.4%
the
82.4%
the
82.4%
the
82.4%
and
81.1%
and
81.1%
and
81.1%
and
81.1%
know
81.1%
know
81.1%
know
81.1%
know
81.1%
baby
80.6%
baby
80.6%
to
80.1%
to
80.1%
to
80.1%
to
80.1%
to
80.1%
to
80.1%
to
80.1%
for
80%
for
80%
for
80%
for
80%
she
79.1%
she
79.1%
love
78.7%
so
78.1%
So
78.1%
so
78.1%
around
77.1%
mess
76.1%
cause
75.4%
'cause
75.4%
Shake it, shake, shake it, (x4)
74.1%
shake
74.1%
we
73.8%
We
73.8%
we
73.8%
we
73.8%
we
73.8%
we
73.8%
like
71.8%
now.
71.6%
now,
71.6%
now
71.6%
Now
71.6%
now
71.6%
Now
71.6%
% Correct
Now
71.6%
Now
71.6%
Now
71.6%
because
71.4%
what
71.3%
what
71.3%
what
71.3%
what
71.3%
what
71.3%
what
71.3%
what
71.3%
sure.
70.8%
wanna
70.8%
wanna
70.7%
wanna
70.7%
is
69.7%
is
69.7%
is
69.7%
polaroid
69.4%
picture. (continuous)
69.2%
loves
68.5%
this
67.4%
this
67.4%
this
67.4%
But
66.3%
but
66.3%
but
66.3%
but
66.3%
your
66.3%
your
66.3%
your
66.3%
your
66.3%
hear
64.6%
in
64.1%
in
64.1%
in
64.1%
oh
64%
oh
64%
than
64%
than
64%
dad
64%
how.
63.9%
see
63.1%
see
63.1%
want
62.6%
want
62.6%
want
62.6%
want
62.6%
mom
62.3%
on
61.4%
on
61.4%
not
60.9%
out
60.4%
right
60%
got
59.8%
got
59.8%
got
59.8%
all.
59.4%
all
59.4%
get
59.4%
get
59.4%
get
59.4%
get
59.4%
just
59%
just
59%
just
59%
just
59%
just
59%
just
59%
can't
59%
can't
59%
feeling
58.5%
together
58.3%
together,
58.3%
together,
58.3%
door?
58%
really
57.2%
when
56.4%
when
56.4%
when
56.4%
does
56.3%
nothing
55.8%
'Nothing
55.8%
nothing.
55.8%
think
55.6%
think
55.6%
why
55.5%
why
55.5%
why
55.5%
why
55.5%
why
55.5%
make
55.5%
fight
55.5%
god
55.1%
try
54.7%
Thank
54.7%
walk
54.7%
am
54.3%
% Correct
here?
54.2%
killing
51.7%
some
51.4%
ladies.
50.8%
thought
50.8%
at
50.4%
being
49.2%
being
49.2%
being
49.2%
alone
49.1%
sugar,
49.1%
neighbor!
48.9%
(Yeah!)
48.7%
(Yeah!)
48.7%
(Ice
48.7%
(Ice
48.7%
happy
48.6%
cold!)
48.5%
cold!)
48.5%
two
47.9%
hear
47.6%
cool?
47%
cool?
47%
sticking
46.8%
then
46.2%
then
46.2%
then
46.2%
then
46.2%
then
46.2%
forever',
46%
what's
45.9%
what's
45.9%
what's
45.9%
cooler
45.8%
cooler
45.8%
alright
45.5%
alright
45.5%
Alright (x14)
45.5%
they
45.2%
makes,
44.7%
makes,
44.7%
makes,
44.7%
makes,
44.7%
makes
44.7%
(What makes, what makes!)
44.7%
we're
44.5%
say
44.4%
are
43.8%
come-a.
43.7%
there's
43.7%
there's
43.7%
fellas.
43.7%
Lend
43.7%
said
43.1%
you've
42.9%
you've
42.9%
wanna
42.8%
stand
42.7%
down
41.9%
down
41.9%
mama,
41.3%
behavior.
41%
Y'all
40.5%
y'all
40.5%
daddy,
40.4%
baddest
40.3%
meet
39.4%
meet
39.4%
thing
39.3%
thing
39.3%
involved.
38.7%
feelings
38.5%
floor.
38.2%
gon'
38.2%
break
37.2%
break
37.2%
exception?
37.1%
Caddy.
36.3%
have
35.6%
If
35.2%
denial
35.1%
I'm,
34.6%
I'm,
34.6%
I'm
34.6%
Lucy
34.5%
better
33.6%
Okay
32.4%
dance.
32%
always
31.9%
Beyoncés
29%
honest.
27.9%
separate's
27.3%
Lius,
26.9%
few
26.3%
dolls,
26.1%
seconds.
26%
Remove Ads.
Support Sporcle.
Get the best of Sporcle when you Go Orange. This ad-free experience offers more features, more stats, and more fun while also helping to support Sporcle. Thank you for becoming a member.

You're not logged in!

Compare scores with friends on all Sporcle quizzes.
OR
Log In

Show Comments

Extras

Top Quizzes Today


Score Distribution

Your Account Isn't Verified!

In order to create a playlist on Sporcle, you need to verify the email address you used during registration. Go to your Sporcle Settings to finish the process.

Report this User

Report this user for behavior that violates our Community Guidelines.

Details: